Ruby & Molly / (Record no. 4112)
[ view plain ]
| 000 -LEADER | |
|---|---|
| fixed length control field | 01296cam a22003257i 4500 |
| 005 - DATE AND TIME OF LATEST TRANSACTION | |
| control field | 20260318135151.0 |
| 020 ## - INTERNATIONAL STANDARD BOOK NUMBER | |
| International Standard Book Number | 9780764166617 |
| 040 ## - CATALOGING SOURCE | |
| Original cataloging agency | IMF |
| Language of cataloging | eng |
| Transcribing agency | IMF |
| Description conventions | rda |
| Modifying agency | AU@ |
| -- | OCLCO |
| -- | BTCTA |
| -- | OCLCO |
| -- | DLC |
| 100 1# - MAIN ENTRY--PERSONAL NAME | |
| Personal name | Wehrmeijer, Annelien |
| Relator term | author |
| 245 10 - TITLE STATEMENT | |
| Title | Ruby & Molly / |
| Statement of responsibility, etc. | by Annelien Wehrmeijer |
| 246 3# - VARYING FORM OF TITLE | |
| Title proper/short title | Ruby and Molly |
| 250 ## - EDITION STATEMENT | |
| Edition statement | First edition for North America |
| 260 ## - PUBLICATION, DISTRIBUTION, ETC. | |
| Place of publication, distribution, etc. | New York : |
| Name of publisher, distributor, etc. | Barron's Educational Series , Inc ; |
| Date of publication, distribution, etc. | 2014 |
| 300 ## - PHYSICAL DESCRIPTION | |
| Extent | 10 unnumbered pages : |
| Other physical details | color illustrations ; |
| Dimensions | 13 cm . |
| 490 0# - SERIES STATEMENT | |
| Series statement | My best friend & me |
| 500 ## - GENERAL NOTE | |
| General note | WARNING: CHOKING HAZARD - Small parts. Not for children under 3 yrs. |
| 505 ## - FORMATTED CONTENTS NOTE | |
| Formatted contents note | C <br/> |
| 520 ## - SUMMARY, ETC. | |
| Summary, etc. | "Ruby and her best friend Molly love being outdoors in every season. Together they learn that Molly's fleece is very useful. Use the Molly finger puppet to make the story come alive!"--Back cover. |
| 521 ## - TARGET AUDIENCE NOTE | |
| Target audience note | 80 <br/> |
| Source | Lexile estimate <br/> |
| 521 ## - TARGET AUDIENCE NOTE | |
| Target audience note | C <br/> |
| Source | Raz-Plus <br/> |
| 650 #0 - SUBJECT ADDED ENTRY--TOPICAL TERM | |
| Topical term or geographic name entry element | Sheep |
| Form subdivision | Juvenile fiction. |
| 650 #0 - SUBJECT ADDED ENTRY--TOPICAL TERM | |
| Topical term or geographic name entry element | Friendship |
| Form subdivision | Juvenile fiction. |
| 650 #0 - SUBJECT ADDED ENTRY--TOPICAL TERM | |
| Topical term or geographic name entry element | Seasons |
| Form subdivision | Juvenile fiction. |
| 650 #0 - SUBJECT ADDED ENTRY--TOPICAL TERM | |
| Topical term or geographic name entry element | Toy and movable books |
| Form subdivision | Specimens. |
| 650 #0 - SUBJECT ADDED ENTRY--TOPICAL TERM | |
| Topical term or geographic name entry element | Board books. |
| 700 1# - ADDED ENTRY--PERSONAL NAME | |
| Personal name | Leijgraaf, Deborah van de |
| Relator term | illustrator |
| 906 ## - LOCAL DATA ELEMENT F, LDF (RLIN) | |
| a | 7 |
| b | cbc |
| c | copycat |
| d | 2 |
| e | ncip |
| f | 20 |
| g | y-gencatlg |
| 942 ## - ADDED ENTRY ELEMENTS (KOHA) | |
| Source of classification or shelving scheme | Dewey Decimal Classification |
| Koha item type | Books |
| Suppress in OPAC | No |
| 999 ## - | |
| -- | 4112 |
| -- | 4112 |
| Withdrawn status | Lost status | Source of classification or shelving scheme | Damaged status | Not for loan | Collection | Home library | Current library | Shelving location | Date acquired | Total Checkouts | Full call number | Barcode | Date last seen | Copy number | Price effective from | Koha item type |
|---|---|---|---|---|---|---|---|---|---|---|---|---|---|---|---|---|
| Dewey Decimal Classification | Juvenile Fiction | Footprints International School Library Network Toul Tom Poung Campus | Footprints International School Library Network Toul Tom Poung Campus | TTP Primary Green Bookshelves | 06/07/2024 | WEH | 2024-0836 | 04/23/2026 | 1 | 06/07/2024 | Books |
